Countries that Beat Venezuela - Statistics

General Stats
  • This quiz has been taken 995 times
  • The average score is 10 of 15
Answer Stats
Rank Category Countries % Correct
3 Longest border with Brazil Bolivia | Peru
95%
4 Least guessed South American country [5] Suriname | Guyana | Ecuador
94%
8 Highest oil producing OPEC member [4] Saudi Arabia | Iraq | Iran | United Arab Emirates | Kuwait | Nigeria | Angola
90%
2 Most populous starting with V Vietnam
87%
7 Greatest source of foreign-born Spanish residents [2] Morocco | Romania | Colombia | United Kingdom | Italy | China
85%
2 Greatest source of refugees [6] Syria
80%
2 Top performing in Beauty Pageants [3] United States
72%
6 Highest murder rate [1] El Salvador | Jamaica
71%
2 Lowest GDP per-capita in the Americas Haiti
69%
3 Most populous country where baseball is the most popular sport Japan | South Korea
69%
5 Most corrupt country [7] South Sudan | Somalia | Syria | Yemen
52%
3 Most populous capital starting with C Egypt | South Africa
47%
4 Highest national debt to GDP ratio [9] Japan | Greece | Sudan
40%
5 Closest to the Equator, but isn't on it Peru | Kiribati | Maldives | Nauru
39%
2 Least democratic outside Asia or Africa [8] Belarus
33%
No matching quizzes found
Score Distribution
Percent of People with Each Score
Percentile by Number Answered
Your Score History
You have not taken this quiz